The hypertension handbook.

Bibliographic Details
Corporate Authors: Merck Sharp & Dohme, National High Blood Pressure Education Program
Format: Book
Language:English
Published: West Point, Pa., [publisher not identified] ; 1974.
Subjects:

MARC

Tag First Indicator Second Indicator Subfields
LEADER 00000cam a2200000 4500
001 in00000336273
005 20151011055054.0
008 741106s1974 paua b 00000 eng u
020 |a 0911910220 
035 |a (OCoLC)01067286 
035 |9 ABM2097AM 
040 |c CHS  |d OCL  |d TXA  |d UtOrBLW 
049 |a TXAM  |c [1572942] 
090 |a RC685.H8  |b M4 
096 |a WG 340 M555h 1974 
110 2 |a Merck Sharp & Dohme. 
245 1 4 |a The hypertension handbook. 
264 1 |a West Point, Pa.,  |b [publisher not identified] ;  |c 1974. 
300 |a x, 265 pages :  |b illustrations ;  |c 26 cm. 
336 |a text  |b txt  |2 rdacontent 
337 |a unmediated  |b n  |2 rdamedia 
338 |a volume  |b nc  |2 rdacarrier 
500 |a Prepared in cooperation with the National High Blood Pressure Education Program. 
500 |a Booklet containing prescribing information for Merck Sharp & Dohme prodcts referred to in handbook in pocket at end. 
504 |a Includes bibliographies. 
650 2 |a Hypertension. 
710 2 |a National High Blood Pressure Education Program. 
999 |a MARS 
999 f f |s 1b9cf8d6-f830-3ead-8d1c-c1565766026b  |i d4fd8757-b1d5-3e36-ad5e-90f340993e1d  |t 0 
952 f f |p ric  |a Texas A&M University  |b Rellis Campus  |c Joint Library Facility  |d Remote Storage  |t 0  |e RC685.H8 M4  |h Library of Congress classification  |i unmediated -- volume  |m A14806477391 
998 f f |a RC685.H8 M4  |t 0  |l Remote Storage